Les MST : ou les maladies sexuellement transmissibles! /

Збережено в:
Бібліографічні деталі
Автор: Lachiver, L. D.
Інші автори: Moloch
Формат: Книга
Мова:Англійська
Опубліковано: Dijon Fromont Glatigny c1987
Теги: Додати тег
Немає тегів, Будьте першим, хто поставить тег для цього запису!

MARC

LEADER 00000nam a2200000 4500
001 CDOM0000002485
003 mi
005 20251017144655.0
008 251017b |||||||| |||| 00| 0 eng d
020 |a 290680603X 
040 |c mi 
100 |a Lachiver, L. D. 
245 1 |a Les MST :  |b ou les maladies sexuellement transmissibles! /  |c textes L. D. Lachiver ; dessins Moloch 
260 |a Dijon  |b Fromont Glatigny  |c c1987 
300 |a 40 p.  |c in gran parte ill.  |c 21 cm. 
500 |a Tit. di copertina. - In copertina: Avec un dossier special SIDA. - Promoteur: Service de prévention de la Fédération Mutualiste Régionale de Bourgogne. - Distribuito nell'ambito di una campagna di prevenzione contro l'AIDS. - Saggio a fumetti. 
700 |a Moloch 
942 |2 ddc  |c BK 
952 |0 0  |1 0  |2 ddc  |4 0  |6 B_SHI03LACLDMST11  |7 0  |9 8699  |a MI  |b MI  |d 1987-11-23  |i 680  |l 0  |o B-SHI03-LACLD-MST11  |p CDOM680  |r 2025-07-17 21:50:00  |w 2025-07-17  |x DONO  |y BK 
999 |c 7233  |d 7233